A reader for developing writers / (Record no. 15109)

000 -LEADER
fixed length control field 00429cam a2200169 a 4500
020 ## - INTERNATIONAL STANDARD BOOK NUMBER
ISBN 0070093121
040 ## - CATALOGING SOURCE
Transcribing agency DLC
082 00 - DEWEY DECIMAL CLASSIFICATION NUMBER
Classification number 808 HIL 1990 A096 Or.
100 1# - MAIN ENTRY--AUTHOR NAME
Personal name Buscemi, Santi V.
245 12 - TITLE STATEMENT
Title A reader for developing writers /
260 ## - PUBLICATION, DISTRIBUTION, ETC. (IMPRINT)
Place of publication New York :
Name of publisher McGraw-Hill,
Year of publication c1990.
300 ## - PHYSICAL DESCRIPTION
Number of Pages xxiii, 344 p. ;
Dimensions 24 cm.
650 #0 - SUBJECT ADDED ENTRY--TOPICAL TERM
Topical Term College readers.
650 #0 - SUBJECT ADDED ENTRY--TOPICAL TERM
Topical Term Report writing
650 #0 - SUBJECT ADDED ENTRY--TOPICAL TERM
Topical Term English language
942 ## - ADDED ENTRY ELEMENTS (KOHA)
Koha item type សៀវភៅភាសាអង់គ្លេស
952 ## - LOCATION AND ITEM INFORMATION (KOHA)
Withdrawn status [LOCAL, KOHA] 0
Holdings
Permanent Location Date acquired Koha item type Lost status Shelving location Barcode Current Location Full call number
Library Block A2017-11-10សៀវភៅភាសាអង់គ្លេស A096A06242Library Block A808 HIL 1990 A096 Or.
មជ្ឈមណ្ឌលឯការនៃសាកលវិទ្យាល័យភូមិន្ទកសិកម្មចំការដូង

Powered by Koha